Zlepšovanie zákazníckej skúsenosti prostredníctvom mapovania cesty zákazníka diplomová práca

Guardado en:
Detalles Bibliográficos
Autor principal: Mališ, Adam
Autor Corporativo: Fakulta hospodárskej informatiky EU. Katedra aplikovanej informatiky
Otros Autores: Horniaková, Veronika, 1990-
Formato: Libro
Lenguaje:eslovaco
Publicado: Bratislava 2024
Etiquetas: Agregar Etiqueta
Sin Etiquetas, Sea el primero en etiquetar este registro!

MARC

LEADER 00000nbm a2200000 4500
001 0301100
005 20250127101909.5
041 0 |a slo 
044 |a SK 
245 1 0 |a Zlepšovanie zákazníckej skúsenosti prostredníctvom mapovania cesty zákazníka  |b diplomová práca  |c Adam Mališ ; školiteľ: Veronika Horniaková 
264 1 |a Bratislava  |c 2024 
300 |a 86 s. 
100 1 |a Mališ, Adam 
700 1 |a Horniaková, Veronika, 1990- 
710 2 |a Fakulta hospodárskej informatiky EU. Katedra aplikovanej informatiky